| 000 | 00383cam a22001337a 4500 | ||
|---|---|---|---|
| 008 | 180718b1956 xxu||||| |||| 00| 0 eng d | ||
| 082 | _aD L561 | ||
| 100 | _aLerche, Charles O. | ||
| 245 |
_aPrinciples of international politics _cby Charles O. Lerche |
||
| 260 |
_aNew York _bOUP _c1956 |
||
| 300 | _a430p. | ||
| 650 | _aWorld politics --1945-1955 | ||
| 650 | _aInternational relations | ||
| 999 |
_c372037 _d372037 |
||